| 000 | 01064nam a22003017a 4500 | ||
|---|---|---|---|
| 001 | 7552 | ||
| 003 | FISKH | ||
| 005 | 20250819111842.0 | ||
| 008 | 250724b cb ||||| |||| 00| 0 eng d | ||
| 040 |
_aFISKH _beng _cFISKH _dFISKH |
||
| 050 | _aPZ8.S629 M | ||
| 082 | _a813 | ||
| 100 | _aSlate, Joseph | ||
| 245 |
_aMiss Bindergarten stays home from kindergarten / _cby Joseph Slate ; illustrated by Ashley wolff |
||
| 250 | _aFirst Scholastic printing, September 2002 | ||
| 260 |
_aNew York : _bScholastic, _c2000. |
||
| 300 |
_a40 unnumbered pages : _bcolor illustrations ; _c28 cm |
||
| 490 | _aMiss Bindergarten | ||
| 505 | _aL | ||
| 520 | _aIntroduces the letters of the alphabet while telling what happened at kindergarten when Miss Bindergarten was too ill to come to school. | ||
| 521 | 8 |
_a520
_bLexile AD |
|
| 521 | 8 |
_aL
_bRaz-Plus |
|
| 650 |
_aAlphabet Book _vFiction _xAnimals |
||
| 650 |
_aBack to School _vKindergarten _xSubstitute Teacher |
||
| 700 |
_aWolff, Ashley _eillustrator |
||
| 942 |
_2ddc _cBK _n0 |
||
| 999 |
_c7552 _d7552 |
||